Регионална библиотека "Любен Каравелов" - Русе

Светлини и сенки (Запис номер 177836)

MARC детайли
000 -Лидер
Контролно поле с фиксирана дължина 02102nam a2200457 c 4500
003 - Код на организацията, давaща контролен номер
Контролно поле BLK
005 - Дата и час на последна редакция
Контролно поле 20200205145058.0
008 - Елементи от данни с фиксирана дължина
fixed length control field 180411b bul|||||r ||||||| ||bul||
010 ## - Наследен системен номер
LC control number KNG00186533000
020 ## - Международен стандартен номер на книга ISBN
Международен стандартен номер на книга ISBN 978-954-28-1988-2
-- издат.: Сиела
040 ## - Източник на каталожния запис
Идентификатор на билиотеката - собственик на записа BLK
041 ## - Код за език
Код за езика на текст/звукозапис или на отделно заглавие Български
Код за езика КДБФ Български
072 #7 - Код за тематичната категория
Код организация bullib
Код за тематична категория Н83
Текст Чужда художествена литература Н
080 ## - УДК
Текстов определител УДК Американска литература (на САЩ)
УДК код - определител по УДК 821.111(73)
УДК определител -94
УДК - код + определител 821.111(73)-94
080 ## - УДК
Текстов определител УДК Други видове песни. Композитори
УДК код - определител по УДК 784.7.071.1
УДК определител (420)(092)(0:82-9)
УДК - код + определител 784.7.071.1(420)(092)(0:82-9)
080 ## - УДК
Текстов определител УДК Джеймс Патрик Пейдж. Британски рок-китарист
УДК код - определител по УДК 929 Пейдж, Джими
УДК определител
УДК - код + определител 929 Пейдж, Джими
100 1# - Редна дума - Автор
Автор Толински, Брад
Авторска отговорност първи автор
R(LIN) 129910
139 ## - Редно поле
Редна дума Толински, Брад
Авторски знак Тол - Т 66
245 10 - Сведения за заглавието
Заглавие Светлини и сенки
Подзаглавни данни Разговори с Джими Пейдж
Редно поле (дума) Брад Толински; прев. от англ. Пламен Кирилов.
257 ## - Страна на издаване
Страна на създаване/издаване Съединени американски щати
260 ## - Област на издателските данни
-- София
Име на издателя, разпространителя и проч. Сиела
Година на издаване 2016
300 ## - Физическа характеристика
Страници 280 с.
Размери/Мащаб 23 см
380 ## - Жанр
Жанр Худож. лит.
500 ## - Общи забележки
Забележка Без сведение за ориг. загл. ; Ориг. загл. Light Shade: Conversations with Jimmy Pageл - Пълното име на Джими Пейдж е Джеймс Патрик Пейдж.
600 14 - Име на лице, използвано като предмет
За него / За нея Пейдж, Джими
9 (RLIN) 341181
650 #4 - Допълнително описание по предмет – тема
Основно описание – тема или топоним Пейдж, Джими
9 (RLIN) 341181
650 #4 - Допълнително описание по предмет – тема
Основно описание – тема или топоним Рокпевци, английски
9 (RLIN) 340262
650 #4 - Допълнително описание по предмет – тема
Основно описание – тема или топоним Рокмузика - изпълнители
9 (RLIN) 283474
651 #4 - Допълнително описание по предмет - топоним
Географско понятие Великобритания
9 (RLIN) 178698
653 ## - Ключова дума – ненормативна
Ключова дума Джими Пейдж
653 ## - Ключова дума – ненормативна
Ключова дума рокизпълнители
653 ## - Ключова дума – ненормативна
Ключова дума китаристи
653 ## - Ключова дума – ненормативна
Ключова дума Led Zeppelin
659 ## - Тематичен бюлетин
Тематичен бюлетин Н
700 1# - Други автори (авторска отговорност)
Лично име Кирилов, Пламен
Автороска отговорност (Описва отношението между автора и произведението) прев. от англ.
9 (RLIN) 381415
852 ## - Местоположение
Форматна сигнатура Цб 279544
856 4# - Електронен адрес и достъп
Електронен формат pdf - файл
Път до файла /url/
856 4# - Електронен адрес и достъп
Електронен формат pdf - файл
Път до файла /url/
942 ## - АРТИКУЛИ
Вид на библиотечния материал Книги
Скрит в OPAC Не
Koha issues (borrowed), all copies 3
944 ## - СЪЗДАВАНЕ И РЕДАКЦИЯ на ЗАПИСА
Създаване/Редакция Създаване
Дата на регистрацията/редакция 16.02.2016
Статус, дата на статуса ф /
Служител, извършил регистрацията/редакцията Виолета_Тройчева
944 ## - СЪЗДАВАНЕ И РЕДАКЦИЯ на ЗАПИСА
Създаване/Редакция Редакция
Дата на регистрацията/редакция 22.07.2016
Статус, дата на статуса ф /
Служител, извършил регистрацията/редакцията Людмила_Стоянова
999 ## - СИСТЕМНИ КОНТРОЛНИ НОМЕРА
Koha biblionumber 177836
Koha biblioitemnumber 177836
Наличности
Код за отписване Код за изгубен артикул Код за повреда Коз за рестрикции Код за отдаване Артикулен № Име на библиотеката - собственик Име на библиотеката, в която се намира в момента Статус (Текущо местоположение) Дата на вписване в системата Местоположение - отдел Цена в лева Инвентарен номер Систематично азбучна сигнатура Баркод Номер на екземпляра Цена в евро Служебна бележка Служебен тип на артикула
  Не е изгубен Не е повреден без рестрикции заемане за дома 305493 Регионална библиотека "Любен Каравелов" Русе Регионална библиотека "Любен Каравелов" Русе Заемна - подръчен фонд 2016-02-18 Заемна - подръчен фонд 11.70 120000797901 П 820(73)-9/Т 66 120000797901 1 5.98 Дост: Pk Вид: Ф N: 610 Дата: 05.02.2016 Дата инв: 15.02.2018 Бележки инв: П2018 Книги
Vip Innovations Ltd, Rousse, Bulgaria 2025